Géométrie et topologie des surfaces /

Guardado en:
Autor Principal: Lehmann, Daniel.
Otros Autores: Sacré, Carlos.
Formato: Libro
Idioma:French
Publicado: Paris : Presses universitaires de France, c1982.
Series:Mathématiques,
Etiquetas: Agregar Etiqueta
Sin Etiquetas, Sea el primero en etiquetar este registro!
LEADER 00664nam a22001935a 4500
001 MAT.inmabb005000
008 080823s1982####fr#a#####b####000#0#fre#d
005 20111118143101.0
245 1 0 |a Géométrie et topologie des surfaces /  |c Daniel Lehmann ; exercices et figures de Carlos Sacré. 
260 |a Paris :  |b Presses universitaires de France,  |c c1982. 
300 |a 348, [1] p. :  |b il. ;  |c 22 cm. 
440 0 |a Mathématiques,  |x 0246-3822 
504 |a Bibliografía: p. [349]. 
510 4 |a MR,  |c 85i:53001 
020 |a 213037560X 
100 1 |a Lehmann, Daniel. 
700 1 |a Sacré, Carlos. 
084 |a 53-01 (57-01 58-01)  |2 msc2000 
859 |h 53  |i L523  |p A-5367  |b BIB. MATEMATICA